LIBRARY ONLINE CATALOGUE

Music in Egypt (Record no. 16171)

MARC details
000 -LEADER
fixed length control field 00656nam a22001817a 4500
008 - FIXED-LENGTH DATA ELEMENTS--GENERAL INFORMATION
fixed length control field 161007b xxu||||| |||| 00| 0 eng d
020 ## - INTERNATIONAL STANDARD BOOK NUMBER
International Standard Book Number 0195146455
040 ## - CATALOGING SOURCE
Original cataloging agency KABU
Transcribing agency KABU
050 ## - LIBRARY OF CONGRESS CALL NUMBER
Classification number ML355
Item number .E3M37 2006 C.
100 ## - MAIN ENTRY--PERSONAL NAME
Personal name Marcus, Scott L.
245 ## - TITLE STATEMENT
Title Music in Egypt
Remainder of title Experiencing music, expressing culture
Statement of responsibility, etc. by Scott L. Marcus
260 ## - PUBLICATION, DISTRIBUTION, ETC. (IMPRINT)
Place of publication, distribution, etc. New York
Name of publisher, distributor, etc. Oxford university press
Date of publication, distribution, etc. 2006
300 ## - PHYSICAL DESCRIPTION
Extent xxiv, 200 p.
Accompanying material Accompanied by CD Rom
650 ## - SUBJECT ADDED ENTRY--TOPICAL TERM
Source of heading or term Music
General subdivision History and criticism
Geographic subdivision Egypt
650 ## - SUBJECT ADDED ENTRY--TOPICAL TERM
Source of heading or term Music
General subdivision Social aspects
Geographic subdivision Egypt
650 ## - SUBJECT ADDED ENTRY--TOPICAL TERM
Source of heading or term Music
Form subdivision Islam
General subdivision Religious aspectss
942 ## - ADDED ENTRY ELEMENTS (KOHA)
Source of classification or shelving scheme Library of Congress Classification
Koha item type General Collection
Classification part ML355 .E3M37 2006 C.1
Holdings
Withdrawn status Lost status Source of classification or shelving scheme Not for loan Home library Current library Shelving location Date acquired Cost, normal purchase price Total Checkouts Full call number Barcode Date last seen Date last checked out Copy number Price effective from Koha item type
    Library of Congress Classification   Kabarak, Main Campus Kabarak, Main Campus General Stacks 07/10/2016 3911.70 1 ML355 .E3M37 2006 C.1 026912 21/02/2020 06/02/2020 C.1 07/10/2016 General Collection
    Library of Congress Classification   Kabarak, Main Campus Kabarak, Main Campus General Stacks 07/10/2016 3911.70   ML355 .E3M37 2006 C.2 026913 07/10/2016   C.2 07/10/2016 General Collection